El Parménides de Platón: un diálogo de lo indecible

Збережено в:
Бібліографічні деталі
Автор: Lorite Mena, José (autor)
Формат: Книга
Мова:Іспанська
Опубліковано: Bogotá Fondo de Cultura Económica 1985
Серія:Sección de Obras de Filosofía
Предмети:
Теги: Додати тег
Немає тегів, Будьте першим, хто поставить тег для цього запису!

MARC

LEADER 00000nam a2200000 a 4500
001 UCZ2941
003 CL-VaPUC
008 951013e19850000CK |||||||||||||||||spa|d
082 0 4 |a 184  |b LOR  |2 21 
100 |a Lorite Mena, José  |e autor  |9 346763 
245 1 3 |a El Parménides de Platón: un diálogo de lo indecible 
300 |a 232 p 
942 |c BK 
945 |d 19951013 00:00:00  |a awong 
260 |a Bogotá  |b Fondo de Cultura Económica  |c 1985 
600 0 7 |a PLATON  |2 CL-VaPUC  |9 222 
650 0 |a Filosofía antigua   |9 255705 
583 |a last modification  |c 19951013 00:00:00  |k Rodrigo Vera 
490 0 |a Sección de Obras de Filosofía 
999 |c 239474  |d 239472 
952 |0 0  |1 0  |4 0  |6 184_000000000000000_LOR_1985  |7 0  |8 A  |9 250625  |a BIBEDU  |b BIBEDU  |d 2019-11-18  |i 3141012  |o 184 LOR 1985  |p 3141012  |r 2019-11-18  |w 2019-11-18  |y BK  |k FIL